| 000 | 00518cam a22001691 4500 | ||
|---|---|---|---|
| 082 |
_a621.4022 _bJAK _cL-12, P-3 |
||
| 100 | 1 |
_aJakob, Max, _941779 |
|
| 245 | 0 | 0 |
_aElements of heat transfer and insulation, _cby Max Jakob and George A. Hawkins. |
| 250 | _a2d ed. | ||
| 260 |
_aNew York, _bWiley _c[1950] |
||
| 300 |
_axvi, 230 p. _billus. _c24 cm. |
||
| 526 |
_a0 _b0 _c0 _d621_402200000000000_JAK |
||
| 650 | 0 |
_aHeat _xTransmission. _91537 |
|
| 650 | 0 |
_aMCE _9379 |
|
| 700 | 1 |
_aHawkins, George A. _941780 |
|
| 942 |
_2ddc _cBK |
||
| 999 |
_c545821 _d545821 |
||